| 000 | 00332nam a22001337a 4500 | ||
|---|---|---|---|
| 020 | _a0-471-59273-0 | ||
| 082 | _a620.1 MER | ||
| 100 |
_aMERIAM, J. L , KRAIGE, L. _965229 |
||
| 245 | _aENGINEERING MECHANICS-DYNAMICS | ||
| 260 |
_aNEWYORK _bJOHN WILEY _c1993 |
||
| 300 | _a718P | ||
| 650 |
_aMECHANICS APPLIED _913090 |
||
| 942 | _cBK | ||
| 999 |
_c573505 _d573505 |
||